00675nam a2200241 a 4500001001300000003000900013005001700022008004100039020001300080082001300093100002200106245004600128260003500174300000900209500003500218505002400253650001100277700002200288902000800310942000700318952009300325999001500418nice12345678IN_TiNIC20260116012117.0050524s1960 newa grp 000 0 eng  ac223.2500a270bBAI aBainton, Roland H aChristian Attitudes Towards War and Peace aNew YorkbAbingdon Pressc1960 a299p aincludes index and biblioraphy2 aIndex of References aChurch1 aBainton, Roland H bSRS cBK 00104070aHMIbHMId2007-07-16g223.25l0o270 BAIp08469r2007-07-16w2026-01-16yEB c5685d5685